000
00367nam a22001097a 4500
082
_a
900
100
_a
किडो,वासवी
_9
83941
245
_a
भारत की क्रान्तिकारी आदिवासी औरतें
260
_a
दिल्ली
_b
अनुज्ञा बुक्स
_c
2022
650
_a
900
942
_c
HIN
999
_c
68955
_d
68955